000 00875namaa2200277 a 4500
001 vtls001230300
003 NLI
005 20210603145158.0
008 120330s1979 dcu 000 0 eng
039 9 _y201203302020
_zVLOAD
040 _aNLI
_cVTLS-2012_FOD
_eAACR2
041 0 _aeng
044 _adcu
082 0 4 _a371.8
110 2 _aUnited States.
_bDepartment of Health, Education, and Welfare
_994
245 1 0 _aStudents and schools /
_ccompiled by Jefferey W. Williams
260 _aWashington :
_bUnited States Government Printing Office,
_c1979
300 _aviii, 85 p. ;
_c28 cm.
650 0 _aEducation
_xSocial aspects
_zUnited States
_9328740
650 0 _aStudents
_zUnited States
_9337904
887 _a
901 _aAD 129286
_b22.10.2010
902 _aU.S 371.8 Us 3 s
942 _2ddc
_cBKS
949 _AVIRTUAITEM
_D10000
_X100
_6ADX000129286ENG
999 _c454591
_d454591